000 00575ntaaa2200193 4500
003 01
005 20251027200939.0
008 0714s1973 ag 01
040 _aAR-BaBN
_bspa
_cAR-BaBN
_eaacr
_dRIC
082 _a231.3 H38
100 _aHendry, George S.
_96223
245 _aHoly Spirit in Christian theology /
_cGeorge S. Hendry
250 _a1 ed.
260 _a1957 :
_b128 p,
_c1957
300 _a128 p
500 _aEn este estudio, el autor muestra la identidad básica de la misión del Espíritu con la misión de Cristo
650 _aEspiritu Santo
942 _cBK
999 _c3455
_d3455